[Event "CP-2011-Q-00007"]
[Site "LSS email"]
[Date "2013.01.14"]
[Round "?"]
[White "Sukhanitskij, Stanislav"]
[Black "Barbosa, Sergio Goncalves"]
[Result "1-0"]
[WhiteElo "2018"]
[BlackElo "1914"]
[PlyCount "85"]
[EventDate "2013.01.20"]
[EventType "tourn (corr)"]
[EventRounds "6"]
[EventCountry "GER"]
[SourceTitle "Telechess CBM 167"]
[Source "ChessBase"]
[SourceDate "2015.07.13"]
[SourceVersion "1"]
[SourceVersionDate "2015.07.13"]
[SourceQuality "1"]

1. e4 c5 2. Nf3 d6 3. d4 cxd4 4. Nxd4 Nf6 5. Nc3 a6 6. Be3 e6 7. f3 b5 8. g4 h6 9. Qd2 Nbd7 10. 0-0-0 Bb7 11. a3 Rc8 12. h4 d5 13. Rg1 b4 14. axb4 Bxb4 15. g5 Bxc3 16. bxc3 Qa5 17. Nb3 Qa3+ 18. Kb1 hxg5 19. hxg5 Nh5 20. Rh1 a5 21. Qd4 a4 22. Bc1 Qd6 23. Qxa4 Bc6 24. Qd4 Rb8 25. f4 Qc5 26. Bb2 Qxd4 27. Nxd4 Ba8 28. Bb5 Kd8 29. Rh4 Nc5 30. exd5 exd5 31. c4 Kc7 32. Nb3 Nd7 33. Bxd7 Kxd7 34. cxd5 Ng3 35. Rxh8 Rxh8 36. Bxg7 Rc8 37. Be5 Ne4 38. Kb2 Nc5 39. Na5 Nb7 40. Nc6 Nd6 41. Bxd6 Kxd6 42. Ne5 Rc7 43. c4 1-0

[Event "CP-2012-P-00021"]
[Site "LSS email"]
[Date "2012.10.01"]
[Round "?"]
[White "Barbosa, Sergio Goncalves"]
[Black "Oliger, Mark L"]
[Result "1-0"]
[WhiteElo "1888"]
[BlackElo "1751"]
[PlyCount "51"]
[EventDate "2012.10.05"]
[EventType "tourn (corr)"]
[EventRounds "6"]
[EventCountry "GER"]
[SourceTitle "Telechess CBM 161"]
[Source "ChessBase"]
[SourceDate "2014.07.16"]
[SourceVersion "1"]
[SourceVersionDate "2014.07.16"]
[SourceQuality "1"]

1. d4 d5 2. c4 dxc4 3. e4 e5 4. Nf3 exd4 5. Qxd4 Qxd4 6. Nxd4 Nf6 7. f3 Bc5 8. Be3 Nc6 9. Nc2 Bxe3 10. Nxe3 Be6 11. Bxc4 Bxc4 12. Nxc4 0-0-0 13. Nc3 Nd7 14. Rd1 Nde5 15. Nxe5 Nxe5 16. Ke2 Rhe8 17. Rxd8+ Rxd8 18. Rd1 Rxd1 19. Nxd1 f6 20. Ne3 c5 21. f4 Nf7 22. Kd3 Kd7 23. Kc4 Kc6 24. Nf5 Nd6+ 25. Nxd6 Kxd6 26. Kb5 1-0

[Event "CP-2012-P-00021"]
[Site "LSS email"]
[Date "2012.10.01"]
[Round "?"]
[White "Neumann, Frank"]
[Black "Barbosa, Sergio Goncalves"]
[Result "0-1"]
[WhiteElo "571"]
[BlackElo "1888"]
[PlyCount "66"]
[EventDate "2012.10.05"]
[EventType "tourn (corr)"]
[EventRounds "6"]
[EventCountry "GER"]
[SourceTitle "Telechess CBM 161"]
[Source "ChessBase"]
[SourceDate "2014.07.16"]
[SourceVersion "1"]
[SourceVersionDate "2014.07.16"]
[SourceQuality "1"]

1. e4 c5 2. Nf3 d6 3. Be2 Nf6 4. Nc3 e6 5. 0-0 a6 6. a3 Nc6 7. d3 Be7 8. Bd2 0-0 9. h3 h6 10. Rb1 Qc7 11. b4 b5 12. bxc5 dxc5 13. Be3 Rd8 14. a4 b4 15. Na2 Nxe4 16. Qc1 Nf6 17. c3 a5 18. cxb4 cxb4 19. Nd4 Bd7 20. Bf3 Rac8 21. Nxc6 Bxc6 22. Qxc6 Qxc6 23. Rfc1 Qxa4 24. Ra1 Rxc1+ 25. Bxc1 b3 26. Bd1 Qxa2 27. Rxa2 bxa2 28. Bb2 Rxd3 29. Bf3 Rb3 30. Be5 Rxf3 31. gxf3 Nd5 32. Kf1 Bf6 33. Bxf6 gxf6 0-1

[Event "SB-2012-0-00216"]
[Site "LSS email"]
[Date "2012.03.10"]
[Round "?"]
[White "Barbosa, Sergio Goncalves"]
[Black "Ilyin, Igor"]
[Result "0-1"]
[WhiteElo "1911"]
[BlackElo "2020"]
[PlyCount "86"]
[EventDate "2012.02.23"]
[EventType "tourn (corr)"]
[EventRounds "6"]
[EventCountry "GER"]
[SourceTitle "Telechess CBM 159"]
[Source "ChessBase"]
[SourceDate "2014.03.17"]
[SourceVersion "1"]
[SourceVersionDate "2014.03.17"]
[SourceQuality "1"]

1. e4 c6 2. d4 d5 3. e5 Bf5 4. Nf3 e6 5. Be2 Nd7 6. 0-0 Ne7 7. Re1 Bg6 8. Bf4 Nf5 9. c3 Be7 10. Qb3 Qc7 11. Nbd2 0-0 12. Rac1 a5 13. a4 h6 14. h3 Rfd8 15. c4 dxc4 16. Nxc4 Bb4 17. g4 Ne7 18. Red1 Nb6 19. Bg3 Nxc4 20. Qxc4 Nd5 21. Qb3 Qb6 22. Bc4 Nc7 23. Bh4 Rd7 24. Bd3 Nd5 25. Bxg6 fxg6 26. Bg3 Rf7 27. Rd3 g5 28. Kg2 Qa6 29. Ne1 Raf8 30. Kg1 g6 31. Ng2 h5 32. gxh5 gxh5 33. h4 g4 34. Rcd1 Qb6 35. Qc2 Kg7 36. b3 Qd8 37. Qc1 Rf3 38. Qc2 Qe8 39. Ne1 Bxe1 40. Rxf3 Rxf3 41. Rxe1 Qg6 42. Qc5 Qd3 43. Kh2 Rxg3 0-1

[Event "SB-2011-0-00141"]
[Site "LSS email"]
[Date "2011.04.02"]
[Round "?"]
[White "Barbosa, Sergio Goncalves"]
[Black "Lombart, Philippe"]
[Result "0-1"]
[WhiteElo "1913"]
[BlackElo "1975"]
[PlyCount "86"]
[EventDate "2011.03.06"]
[EventType "tourn (corr)"]
[EventRounds "6"]
[EventCountry "GER"]
[SourceTitle "Telechess CBM 155"]
[Source "ChessBase"]
[SourceDate "2013.07.16"]
[SourceVersion "1"]
[SourceVersionDate "2013.07.16"]
[SourceQuality "1"]

1. d4 d5 2. c4 e6 3. Nc3 Bb4 4. Nf3 dxc4 5. e4 b5 6. Bg5 f6 7. Be3 a6 8. Be2 Ne7 9. a4 Bb7 10. Qc2 0-0 11. 0-0 Qe8 12. Nd2 f5 13. f3 Qc6 14. Rfc1 Qb6 15. Bf2 Nbc6 16. axb5 axb5 17. Rxa8 Bxa8 18. Nxb5 Qxb5 19. Bxc4 Qb8 20. Bxe6+ Kh8 21. Ra1 h6 22. Nc4 fxe4 23. fxe4 Ng6 24. Bf5 Nce7 25. Bg4 Bc6 26. g3 Bb5 27. Be2 c5 28. d5 Ng8 29. Rf1 Nf6 30. b3 Bd7 31. Be3 Bh3 32. Rf3 Ne5 33. Rf4 Nxc4 34. bxc4 Qe5 35. Bf1 Bxf1 36. Kxf1 Re8 37. Kg2 Kg8 38. Qa4 Nxe4 39. Qa7 Re7 40. Qa8+ Kh7 41. Qa2 g5 42. Rf3 Nd6 43. Qf2 Qe4 0-1

[Event "SB-2011-0-00141"]
[Site "LSS email"]
[Date "2011.04.02"]
[Round "?"]
[White "Suwara, Kazimierz"]
[Black "Barbosa, Sergio Goncalves"]
[Result "0-1"]
[WhiteElo "1827"]
[BlackElo "1913"]
[PlyCount "66"]
[EventDate "2011.03.06"]
[EventType "tourn (corr)"]
[EventRounds "6"]
[EventCountry "GER"]
[SourceTitle "Telechess CBM 155"]
[Source "ChessBase"]
[SourceDate "2013.07.16"]
[SourceVersion "1"]
[SourceVersionDate "2013.07.16"]
[SourceQuality "1"]

1. e4 c5 2. Nc3 Nc6 3. g3 g6 4. Bg2 Bg7 5. d3 d6 6. f4 e6 7. Nf3 Nge7 8. 0-0 0-0 9. Be3 Nd4 10. Bf2 Nec6 11. Nxd4 Nxd4 12. Rb1 Rb8 13. Ne2 b6 14. c3 Nc6 15. Be3 Bb7 16. b4 Qd7 17. Bf3 Rfd8 18. Qd2 f5 19. a3 Rdc8 20. exf5 exf5 21. d4 Nd8 22. Bxb7 Rxb7 23. dxc5 dxc5 24. Rfd1 Qxd2 25. Rxd2 Re7 26. Kf2 Nb7 27. Kf3 Kf7 28. Rbd1 Rc6 29. Bf2 Rcc7 30. Rd3 Re4 31. h3 Rce7 32. R3d2 h5 33. Rd5 Rxe2 0-1

[Event "LSS SB-2010-0-00085"]
[Site "LSS email"]
[Date "2010.03.08"]
[Round "?"]
[White "Barbosa, Sergio Goncalves"]
[Black "Kaufmann, Michael"]
[Result "1/2-1/2"]
[WhiteElo "1865"]
[BlackElo "1791"]
[PlyCount "89"]
[EventDate "2010.01.31"]
[EventType "tourn (corr)"]
[EventRounds "6"]
[EventCountry "GER"]
[SourceTitle "Corr 2013"]
[Source "ChessBase"]
[SourceDate "2012.11.12"]
[SourceVersion "1"]
[SourceVersionDate "2012.11.12"]
[SourceQuality "1"]

1. d4 Nf6 2. c4 e6 3. Nf3 b6 4. g3 Ba6 5. b3 b5 6. cxb5 Bxb5 7. Bg2 d5 8. 0-0 Nbd7 9. Nc3 Ba6 10. Bb2 Bd6 11. Rc1 0-0 12. Re1 Be7 13. a3 c5 14. dxc5 Nxc5 15. b4 Qb6 16. Rc2 Nce4 17. Nxe4 Nxe4 18. Bd4 Qb7 19. Nd2 Rfc8 20. Nxe4 dxe4 21. Qd2 Bb5 22. Rec1 f5 23. e3 a6 24. Rc3 Bf8 25. h3 Qd7 26. Qb2 Rxc3 27. Qxc3 Qd5 28. Qc7 Re8 29. Qe5 Qxe5 30. Bxe5 Rd8 31. Bf1 Bd6 32. Bd4 Kf7 33. Bxb5 axb5 34. Rc6 h5 35. Rb6 e5 36. Bc3 Ke6 37. Rxb5 Rc8 38. Be1 Rc1 39. Kf1 f4 40. a4 g5 41. a5 Ra1 42. Rb7 g4 43. hxg4 hxg4 44. Ke2 f3+ 45. Kf1 1/2-1/2

[Event "LSS SB-2010-0-00085"]
[Site "LSS email"]
[Date "2010.03.07"]
[Round "?"]
[White "Abbey, William"]
[Black "Barbosa, Sergio Goncalves"]
[Result "1-0"]
[WhiteElo "1857"]
[BlackElo "1863"]
[PlyCount "91"]
[EventDate "2010.01.31"]
[EventType "tourn (corr)"]
[EventRounds "6"]
[EventCountry "GER"]
[SourceTitle "Telechess CBM 141"]
[Source "ChessBase"]
[SourceDate "2011.03.17"]
[SourceVersion "1"]
[SourceVersionDate "2011.03.17"]
[SourceQuality "1"]

1. e4 c5 2. Nf3 d6 3. Nc3 Nf6 4. Bc4 e6 5. 0-0 Be7 6. d3 Nc6 7. d4 d5 8. exd5 exd5 9. Be2 0-0 10. Be3 c4 11. Ne5 Bf5 12. g4 Be6 13. f4 Ne4 14. Nxe4 Nxe5 15. dxe5 dxe4 16. f5 Bd5 17. f6 Bb4 18. fxg7 Re8 19. Rf2 b6 20. Rf5 Be6 21. Rf2 Rc8 22. Rf4 Bd5 23. c3 Bc5 24. Bxc5 Rxc5 25. Qd4 Qc7 26. Rf5 Re6 27. Raf1 Rg6 28. Rh5 Ra5 29. a3 Qc8 30. h3 Qc7 31. Re1 Qc8 32. Rd1 Qc5 33. Qxc5 Rxc5 34. Kf2 Kxg7 35. Ke3 a6 36. Bf1 Re6 37. Rxd5 Rxd5 38. Bxc4 Rdxe5 39. Bxe6 Rxe6 40. c4 Rc6 41. b3 Rd6 42. Kxe4 Rd1 43. b4 Ra1 44. c5 Rxa3 45. cxb6 Ra4 46. Kd5 1-0

[Event "LSS SA-2009-0-00083"]
[Site "LSS email"]
[Date "2009.09.12"]
[Round "?"]
[White "Barbosa, Sergio Goncalves"]
[Black "Shishkin, Victor A"]
[Result "1-0"]
[WhiteElo "1864"]
[BlackElo "1897"]
[PlyCount "62"]
[EventDate "2009.08.18"]
[EventType "tourn (corr)"]
[EventRounds "6"]
[EventCountry "GER"]
[SourceTitle "Corr 2013"]
[Source "ChessBase"]
[SourceDate "2012.11.12"]
[SourceVersion "1"]
[SourceVersionDate "2012.11.12"]
[SourceQuality "1"]
[WhiteTeam "US of America"]
[BlackTeam "US of America"]
[WhiteTeamCountry "USA"]
[BlackTeamCountry "USA"]

1. e4 c5 2. c3 d5 3. exd5 Qxd5 4. d4 Nf6 5. Nf3 e6 6. Be3 cxd4 7. cxd4 Be7 8. Nc3 Qd6 9. Bd3 Nc6 10. 0-0 0-0 11. Rc1 Rd8 12. Bb1 e5 13. Re1 Nxd4 14. Nxd4 exd4 15. Bxd4 Qxd4 16. Qxd4 Rxd4 17. Rxe7 Bd7 18. Rce1 Bc6 19. Bc2 Kf8 20. Bb3 Rd7 21. Rxd7 Nxd7 22. f3 Nc5 23. Bc2 a5 24. Rd1 g6 25. Kf2 Rc8 26. a3 f5 27. h4 b5 28. h5 b4 29. axb4 axb4 30. Ne2 b3 31. Bb1 Bd7 1-0

[Event "LSS SA-2008-0-00031"]
[Site "LSS email"]
[Date "2008.10.07"]
[Round "?"]
[White "Barbosa, Sergio Goncalves"]
[Black "Jones, Paul"]
[Result "1/2-1/2"]
[WhiteElo "2186"]
[BlackElo "2176"]
[PlyCount "93"]
[EventDate "2008.10.04"]
[EventType "tourn (corr)"]
[EventRounds "6"]
[EventCountry "GER"]
[SourceTitle "Corr 2011"]
[Source "ChessBase"]
[SourceDate "2010.08.31"]
[SourceVersion "1"]
[SourceVersionDate "2010.08.31"]
[SourceQuality "1"]

1. e4 e5 2. Nf3 Nc6 3. Bb5 Nf6 4. 0-0 Bc5 5. c3 0-0 6. d4 Bb6 7. Bg5 h6 8. Bh4 d6 9. Qd3 exd4 10. cxd4 g5 11. Bxc6 bxc6 12. Bg3 Re8 13. Nc3 Nxe4 14. Nxe4 Bf5 15. Rfe1 d5 16. Nf6+ Qxf6 17. Qd2 Re4 18. a4 a5 19. h4 gxh4 20. Be5 Qg6 21. Rxe4 Bxe4 22. Ra3 Kf8 23. Nxh4 Qg5 24. Nf3 Qxd2 25. Nxd2 Bc2 26. Bf6 Ke8 27. Nb3 Bxb3 28. Rxb3 Kd7 29. Rf3 Rg8 30. Be5 Ke7 31. Re3 Kf8 32. Rc3 Rg6 33. Kf1 Ke7 34. g3 Re6 35. Rd3 h5 36. Kg2 f6 37. Bf4 Re4 38. Be3 Kd6 39. Bf4+ Ke6 40. Be3 Kf5 41. b3 Ba7 42. f3 Re8 43. Kf2 Rd8 44. Bd2 Bb6 45. Be3 Ke6 46. Rd1 Ba7 47. Rd3 1/2-1/2

[Event "LSS SA-2008-0-00031"]
[Site "LSS email"]
[Date "2008.10.07"]
[Round "?"]
[White "Meiners, Edwin Paul"]
[Black "Barbosa, Sergio Goncalves"]
[Result "1-0"]
[WhiteElo "2135"]
[BlackElo "2186"]
[PlyCount "99"]
[EventDate "2008.10.04"]
[EventType "tourn (corr)"]
[EventRounds "6"]
[EventCountry "GER"]
[SourceTitle "Corr 2011"]
[Source "ChessBase"]
[SourceDate "2010.08.31"]
[SourceVersion "1"]
[SourceVersionDate "2010.08.31"]
[SourceQuality "1"]

1. e4 c5 2. Nf3 d6 3. d4 cxd4 4. Nxd4 Nf6 5. Nc3 a6 6. Be2 e5 7. Nb3 Be6 8. 0-0 Nbd7 9. Qd3 Be7 10. Qg3 0-0 11. Bh6 Ne8 12. Be3 Bh4 13. Qf3 Bg5 14. Nd5 Bxd5 15. exd5 f5 16. Bxg5 Qxg5 17. Na5 Rb8 18. a4 e4 19. Qe3 Qe7 20. f4 Nef6 21. Qd4 Rfd8 22. Nc4 Qf7 23. Nxd6 Qg6 24. Nc4 Ne8 25. d6 Qf6 26. Rad1 Qxd4+ 27. Rxd4 g6 28. Rfd1 Nef6 29. Kf2 Rbc8 30. h3 h5 31. c3 Kg7 32. Ne5 Rc5 33. Rb4 Rb8 34. g3 Ra5 35. Rdd4 Rc5 36. Rdc4 b6 37. a5 e3+ 38. Kg2 b5 39. Nxd7 Nxd7 40. Rxc5 Nxc5 41. c4 Ne4 42. cxb5 axb5 43. Rd4 Kf7 44. a6 Ke8 45. a7 Ra8 46. Bxb5+ Kd8 47. Ra4 e2 48. Bxe2 Nxd6 49. Bf3 Ne4 50. Ra6 1-0